[Event "ICS rated blitz match"]
[Site "207.99.83.227"]
[Date "1999.05.12"]
[Round "?"]
[White "Hossa"]
[Black "brutus"]
[Result "1-0"]
[WhiteElo "2418"]
[BlackElo "2155"]
[PlyCount "55"]

1. e4 e6 2. Nf3 d5 3. exd5 exd5 4. Bb5+ c6 5. Be2 Bg4 6. O-O Nf6 7. Ng5 Bf5 8.
Re1 Be7 9. Nf3 O-O 10. d4 Nbd7 11. Nbd2 Bd6 12. c4 Qc7 13. c5 Bf4 14. g3 Bxd2
15. Bxd2 Rfe8 16. Bf4 Qa5 17. Qb3 b5 18. Bd2 Qc7 19. Bf4 Qa5 20. a4 bxa4 21.
Rxa4 Qd8 22. Ra6 Nb8 23. Ra3 Ne4 24. Qb7 Nd7 25. Qxc6 Ndf6 26. Qc7 Qxc7 27.
Bxc7 Ng4 28. Nh4 {brutus resigns} 1-0

[Event "ICS Rated blitz match"]
[Site "207.99.83.227"]
[Date "1999.05.12"]
[Round "?"]
[White "Pop-eye"]
[Black "Hossa"]
[Result "0-1"]
[WhiteElo "2211"]
[BlackElo "2419"]
[PlyCount "98"]

1. d4 Nf6 2. Nc3 d5 3. Bg5 e6 4. e4 dxe4 5. Nxe4 Be7 6. Bxf6 Bxf6 7. Nf3 Be7 8.
Qd2 O-O 9. O-O-O Nc6 10. h4 Qd5 11. Nc3 Qa5 12. a3 Bxa3 13. bxa3 Qxa3+ 14. Kb1
a6 15. Na2 Rd8 16. Qe3 Qa5 17. Bc4 h6 18. Rh3 Rd6 19. Rg3 Kh8 20. Rd3 Qa4 21.
Bb3 Qb5 22. Ne5 Nxe5 23. dxe5 Rxd3 24. Qxd3 Qxe5 25. Qd8+ Kh7 26. c3 f5 27. Re3
Qb5 28. Kc2 c5 29. c4 Qc6 30. f3 b5 31. Qd3 b4 32. g4 a5 33. Kb1 a4 34. Bd1 Qc7
35. Nc1 a3 36. Ka2 Ra6 37. Bc2 Kh8 38. Ne2 Rd6 39. Qb3 Rd8 40. Rd3 Bd7 41. Rd2
Qe5 42. f4 Qc7 43. Qe3 fxg4 44. Qe4 b3+ 45. Bxb3 Qb6 46. Qd3 Rb8 47. Kxa3 Qa5+
48. Kb2 Bc6 49. Ng3 49... Ba4 {Pop-eye resigns} 0-1

[Event "ICS rated blitz match"]
[Site "207.99.83.227"]
[Date "1999.05.12"]
[Round "?"]
[White "Hossa"]
[Black "ParalyseCabbage"]
[Result "1-0"]
[WhiteElo "2426"]
[BlackElo "2086"]
[PlyCount "29"]

1. e4 d6 2. d4 g6 3. Nf3 Bg7 4. Bc4 c6 5. O-O Nf6 6. e5 Nd5 7. Bxd5 cxd5 8. Nc3
O-O 9. Nxd5 Bg4 10. Bf4 Nc6 11. exd6 exd6 12. c3 Re8 13. Ne3 Bxf3 14. Qxf3 Qb6
15. Nc4 {ParalyseCabbage resigns} 1-0

[Event "ICS rated blitz match"]
[Site "207.99.83.227"]
[Date "1999.05.12"]
[Round "?"]
[White "nimraz"]
[Black "Hossa"]
[Result "0-1"]
[WhiteElo "2231"]
[BlackElo "2460"]
[PlyCount "104"]

1. e4 e5 2. d4 exd4 3. Nf3 Bb4+ 4. c3 dxc3 5. bxc3 Be7 6. Bc4 Nh6 7. Bxh6 gxh6
8. Qd5 O-O 9. Qh5 Bf6 10. Qxh6 Nc6 11. h4 Bg7 12. Qh5 Qf6 13. Nbd2 Qg6 14. Qxg6
hxg6 15. Rc1 Re8 16. h5 gxh5 17. Rxh5 Ne5 18. Nxe5 Rxe5 19. Rxe5 Bxe5 20. Nf3
d6 21. Nd4 Bg4 22. f3 Bg3+ 23. Ke2 Bd7 24. Ke3 Re8 25. Ne2 Be5 26. f4 Bf6 27.
Ng3 Bh4 28. Nh5 Bc6 29. Bd3 Bxe4 30. Bxe4 d5 31. Kf3 dxe4+ 32. Kg4 Bd8 33. f5
c6 34. Re1 e3 35. Re2 Kh8 36. Kf3 Bb6 37. Nf6 Re5 38. g4 Ra5 39. Kf4 Ra4+ 40.
Kg5 Bc7 41. Re1 Bf4+ 42. Kh5 Kg7 43. Ne8+ Kf8 44. Nf6 Rxa2 45. g5 Rg2 46. Ng4
e2 47. g6 Bd2 48. Rb1 fxg6+ 49. fxg6 Bxc3 50. Rxb7 e1=Q 51. Rf7+ Ke8 52. Rb7
52... Qg3 {nimraz resigns} 0-1

[Event "ICS Rated blitz match"]
[Site "207.99.83.227"]
[Date "1999.05.12"]
[Round "?"]
[White "ParalyseCabbage"]
[Black "Hossa"]
[Result "1-0"]
[WhiteElo "2078"]
[BlackElo "2467"]
[Annotator "Crafty v16.6"]
[PlyCount "110"]

{annotating for player ossa using a scoring margin of +0.20 pawns. search time
limit is 1:00} 1. d4 1... Nf6 2. Nf3 e6 3. Bg5 Be7 4. c3 O-O 5. e3 h6 6. Bh4
Nc6 7. Nbd2 d5 8. Bd3 Bd6 9. Bg3 Bxg3 10. hxg3 Re8 11. Ne5 Nxe5 12. dxe5 Nd7
13. f4 Nc5 14. Bc2 f6 ({10:-1.01} 14... f6 15. Qg4 Nd7 16. O-O-O Kf8 17. exf6
Nxf6 18. Qg6 e5 19. f5 19... Qd6 $16) ({10:-0.57} 14... Bd7 15. Qg4 Bb5 16.
O-O-O Kh8 17. Nb3 Nxb3+ 18. Bxb3 Qe7 19. Kb1 Qc5 20. Rd4 $14) 15. exf6 Qxf6 16.
Nf3 Rb8 ({10:-1.17} 16... Rb8 17. g4 Bd7 18. g5 Qf8 19. gxh6 gxh6 20. Bg6 Red8
21. Ne5 21... Bb5 $16) ({10:-0.76} 16... Ne4 17. g4 Rd8 18. Ne5 Ng3 19. Rh3 Ne4
20. Qf3 Ng5 21. fxg5 Qxe5 22. gxh6 $16) 17. Qd4 Qxd4 18. exd4 Ne4 ({11:-1.06} 
18... Ne4 19. Bxe4 dxe4 20. Nd2 Bd7 21. Kf2 Bc6 22. Ke3 Rbd8 23. Rhe1 $16) ({
11:-0.78} 18... Nd7 19. O-O-O b5 20. g4 b4 21. cxb4 Rf8 22. g5 Rxf4 23. gxh6
Rxb4 24. hxg7 24... Kxg7 $16) 19. Bxe4 dxe4 20. Ne5 b6 21. Kf2 Bb7 22. Rae1
Rbc8 23. Nc4 Rcd8 ({10:-1.05} 23... Rcd8 24. Nd2 c5 25. Ke3 cxd4+ 26. cxd4 Rc8
27. Rc1 Rxc1 28. Rxc1 Bd5 29. Rc7 a5 30. Nxe4 30... Bxa2 $16) ({10:-0.30} 23...
Red8 24. Rh5 Rd5 25. Ne5 c5 26. Rxe4 cxd4 27. cxd4 Ra5 28. d5 Rc2+ 29. Re2
Rxe2+ 30. Kxe2 30... exd5 $10) 24. b4 Bd5 ({10:-0.87} 24... Bd5 25. Nd2 c5 26.
dxc5 bxc5 27. bxc5 e5 28. c4 Bc6 29. Nxe4 29... exf4 $16) ({10:-0.61} 24... a5
25. bxa5 Ra8 26. a4 Bd5 27. Nd2 Rxa5 28. Nxe4 Rxa4 29. Ke3 $14) 25. Nd2 Bxa2
26. Ra1 Bd5 27. Rxa7 Re7 ({11:-1.42} 27... Re7 28. Ke3 Red7 29. Rha1 g5 30.
Nxe4 Kf7 31. b5 gxf4+ 32. gxf4 Rg8 33. Rh1 Rxg2 34. Rxh6 $16) ({11:-1.12} 27...
c5 28. dxc5 bxc5 29. bxc5 e5 30. f5 Bc6 31. Nc4 Rd5 32. Nd6 Rf8 33. Ra5 $16)
28. Ke3 b5 29. Rha1 Kf7 30. Nxe4 g5 31. fxg5 Bxe4 32. Kxe4 hxg5 33. Rb7 c6 34.
Raa7 Rxb7 35. Rxb7+ Kf6 36. Rc7 Ra8 37. Rxc6 Ra1 38. d5 Re1+ 39. Kf3 Re5 40.
dxe6 Kf5 41. g4+ Kf6 42. g3 Ke7 43. Rc5 Kxe6 44. Rxe5+ Kxe5 45. Ke3 Kd5 46. Kd3
Ke5 47. c4 Ke6 48. Kd4 bxc4 49. Kxc4 Ke5 50. b5 Ke4 51. b6 Ke5 52. b7 Ke6 53.
b8=Q Kf6 54. Qd6+ Kf7 55. Kd5 Kg7 1-0

[Event "ICS rated blitz match"]
[Site "207.99.83.227"]
[Date "1999.05.12"]
[Round "?"]
[White "Hossa"]
[Black "Mysterios"]
[Result "1-0"]
[WhiteElo "2438"]
[BlackElo "2507"]
[PlyCount "118"]

1. e4 Nf6 2. e5 Nd5 3. Nf3 d6 4. d4 Bg4 5. Bb5+ Nd7 6. exd6 exd6 7. O-O c6 8.
Be2 b5 9. Qd2 Be7 10. Nc3 N7b6 11. a4 b4 12. Nxd5 Nxd5 13. Ne5 Bxe2 14. Nxc6
Qd7 15. Nxe7 Bxf1 16. Nxd5 Bc4 17. Qe1+ Kf8 18. Ne3 Re8 19. Qxb4 Ba6 20. Bd2 h5
21. Nf5 Qxf5 22. Qxd6+ Kg8 23. Qxa6 Qxc2 24. Bc3 Re2 25. Qxa7 Rxf2 26. Qb8+ Kh7
27. Qg3 Re2 28. Qg5 g6 29. Rf1 f5 30. a5 Rc8 31. h3 Qd3 32. Rf3 Qb1+ 33. Kh2
Qe4 34. Qf4 Qc6 35. Kg1 Rce8 36. Qg5 Rc2 37. Rf2 Ree2 38. Rxe2 Rxe2 39. Kh2 f4
40. d5 Qd6 41. Qf6 Qxf6 42. Bxf6 f3 43. Kg1 Rxg2+ 44. Kf1 Rd2 45. a6 Rxd5 46.
a7 Ra5 47. Bd4 Ra1+ 48. Kf2 Ra2 49. Kxf3 g5 50. Bc5 Ra4 51. b3 Ra2 52. b4 g4+
53. Kg3 Ra3+ 54. Kg2 gxh3+ 55. Kh2 Ra2+ 56. Kxh3 Ra3+ 57. Kg2 Ra2+ 58. Bf2 h4
59. b5 59... h3+ {Mysterios resigns} 1-0

[Event "ICS rated blitz match"]
[Site "207.99.83.227"]
[Date "1999.05.12"]
[Round "?"]
[White "Hossa"]
[Black "knightmare51"]
[Result "1-0"]
[WhiteElo "2457"]
[BlackElo "2180"]
[PlyCount "101"]

1. e4 e6 2. Nf3 d5 3. exd5 exd5 4. Bb5+ c6 5. Be2 Nf6 6. O-O Bd6 7. d4 O-O 8.
Re1 Bf5 9. Bg5 Nbd7 10. Bd3 Bxd3 11. Qxd3 h6 12. Be3 Re8 13. Qf5 Ne4 14. Nbd2
Ndf6 15. Nxe4 Nxe4 16. Re2 g6 17. Qh3 h5 18. Rae1 Qc8 19. Qxc8 Raxc8 20. Ng5
Nxg5 21. Bxg5 Rxe2 22. Rxe2 Kg7 23. Be7 Bc7 24. Re3 Bb6 25. c3 f6 26. Bd6 Bd8
27. b4 Kf7 28. h3 f5 29. Be5 Be7 30. f3 Ra8 31. g4 a5 32. bxa5 Rxa5 33. Re2 Ra3
34. Rc2 b5 35. Kf2 Bf6 36. Bd6 Ra4 37. gxf5 gxf5 38. Kg3 Bg5 39. h4 Bf6 40. Re2
Ra8 41. Kf4 Bxh4 42. Kxf5 Rg8 43. Rh2 Rg5+ 44. Kf4 Rg6 45. Rxh4 Rxd6 46. Rxh5
Rf6+ 47. Rf5 Ke6 48. Rxf6+ Kxf6 49. a3 Ke6 50. Kg5 Kd6 51. Kf6 {
knightmare51 resigns} 1-0

[Event "ICS Rated blitz match"]
[Site "207.99.83.227"]
[Date "1999.05.12"]
[Round "?"]
[White "NickRus"]
[Black "Hossa"]
[Result "1-0"]
[WhiteElo "2377"]
[BlackElo "2462"]
[Annotator "Crafty v16.6"]
[PlyCount "86"]

{annotating for player ossa using a scoring margin of +0.20 pawns. search time
limit is 1:00} 1. d4 1... Nf6 2. Nf3 e6 3. Bg5 Be7 4. Nbd2 O-O 5. e4 d5 6. Bxf6
Bxf6 7. e5 Be7 8. Bd3 Nd7 ({10:-0.15} 8... Nd7 9. c3 c5 10. Qc2 Kh8 11. O-O
cxd4 12. cxd4 12... Nb6 $10) ({10:+0.06} 8... c5 9. dxc5 Nd7 10. c6 bxc6 11.
O-O Rb8 12. Nb3 Bb7 13. Qd2 $10) 9. h4 c5 10. c3 cxd4 11. cxd4 f6 ({10:+0.13} 
11... f6 12. Qc2 h6 13. exf6 Bxf6 14. g4 Qb6 15. Qc3 Qd6 16. g5 Be7 17. gxh6
17... gxh6 $10) ({10:+0.37} 11... Nb6 12. h5 h6 13. O-O Bd7 14. Qe2 Bc6 15.
Rac1 Rc8 16. Qe3 $15) 12. Qc2 h6 13. h5 fxe5 14. dxe5 Bg5 15. Bh7+ Kh8 16. Bg6
Bxd2+ ({10:-0.13} 16... Bxd2+ 17. Qxd2 Kg8 18. Rc1 Rxf3 19. gxf3 Nxe5 20. Qc3
d4 21. Rd1 Nxg6 22. hxg6 22... e5 $10) ({10:+0.40} 16... Bf4 17. Qc3 Qb6 18.
O-O Qc6 19. Qd4 Qc5 20. Qxc5 Nxc5 21. g3 Bxd2 22. Nxd2 $15) 17. Qxd2 Rxf3 18.
gxf3 Nxe5 19. Qe2 Qa5+ ({11:+0.07} 19... Qa5+ 20. Kf1 Nc6 21. Rh3 Bd7 22. Rh4
Ne7 23. Kg2 Nxg6 24. hxg6 Qd8 25. Rh5 25... Rc8 $10) ({11:+0.80} 19... Qf6 20.
O-O-O Bd7 21. Bc2 Rc8 22. Kb1 Nxf3 23. Qe3 d4 24. Qd3 24... e5 $17) 20. Kf1
Nxg6 21. hxg6 Bd7 22. Qe5 Kg8 23. Kg2 Rf8 24. Rh4 Qc5 25. Rf4 Rxf4 26. Qxf4 Qe7
27. Rc1 Bc6 28. Re1 Qe8 29. Qg3 Bd7 30. f4 Qd8 31. Re5 d4 32. Qd3 Bc6+ 33. Kg3
Qd6 34. b4 Qxb4 35. Rxe6 Qc5 36. Re5 Qd6 37. Qb3+ Kh8 38. Qf7 Qd8 39. Re7 Qg8
40. f5 Bd5 41. Re8 Bxf7 42. gxf7 Qxe8 43. fxe8=Q+ Kh7 1-0

[Event "ICS rated blitz match"]
[Site "207.99.83.227"]
[Date "1999.05.12"]
[Round "?"]
[White "blunite"]
[Black "Hossa"]
[Result "1/2-1/2"]
[WhiteElo "2233"]
[BlackElo "2453"]
[PlyCount "82"]

1. e4 e5 2. Nf3 Nf6 3. d4 exd4 4. e5 Ne4 5. Qxd4 d5 6. exd6 Nxd6 7. Nc3 Nc6 8.
Qf4 Bf5 9. Bd3 Bxd3 10. cxd3 Be7 11. Be3 O-O 12. O-O Qd7 13. d4 Qf5 14. Rad1
Nb4 15. Rd2 Qxf4 16. Bxf4 Rad8 17. Rfd1 c6 18. a3 Nd5 19. Nxd5 cxd5 20. Bxd6
Bxd6 21. Rc2 a5 22. g3 Rde8 23. Kf1 a4 24. Re1 Rxe1+ 25. Kxe1 h5 26. h3 g6 27.
Kd1 Rd8 28. Re2 b5 29. Ne5 Bxe5 30. Rxe5 Kf8 31. Kd2 Rd6 32. f4 f6 33. Re3 Kf7
34. g4 f5 35. g5 Rd7 36. Re5 Rd8 37. Kc3 Rc8+ 38. Kd2 Rd8 39. Kc3 Rc8+ 40. Kd2
Rd8 41. Kc3 41... Rc8+ {Game drawn by repetition} 1/2-1/2

[Event "ICS rated blitz match"]
[Site "207.99.83.227"]
[Date "1999.05.12"]
[Round "?"]
[White "Hossa"]
[Black "xypher"]
[Result "0-1"]
[WhiteElo "2444"]
[BlackElo "2814"]
[Annotator "Crafty v16.6"]
[PlyCount "95"]

{annotating for player ossa using a scoring margin of +0.20 pawns. search time
limit is 1:00} 1. e4 1... e6 2. Nf3 d5 3. exd5 exd5 4. Bb5+ c6 5. Be2 Nf6 6.
O-O Bd6 7. d4 O-O 8. Re1 Re8 9. Bg5 h6 10. Bh4 Qb6 11. Bxf6 ({10:-0.18} 11.
Bxf6 11... Qxb2 12. Nbd2 gxf6 13. Bd3 Rxe1+ 14. Qxe1 Kf8 15. Qf1 Bf4 16. Nb3
16... Bg4 $10) ({10:+0.04} 11. Qc1 11... Nbd7 12. Nc3 Ng4 13. Kh1 Rb8 14. Rb1
Qc7 15. Qd2 15... Bf4 $10) 11... Qxb2 12. Nbd2 gxf6 13. c4 ({10:-0.51} 13. c4
13... Bf5 14. Bf1 Nd7 15. Nh4 Rxe1 16. Qxe1 Bc2 17. Nhf3 Bf4 18. cxd5 18...
cxd5 $15) ({10:-0.20} 13. Bd3 13... Re6 14. Rf1 Re7 15. Re1 Be6 16. Bf1 Bb4 17.
Bd3 17... Qc3 $10) 13... Bf5 14. Qb3 Qxb3 15. axb3 Nd7 16. c5 Bf4 17. g3 Bxd2
18. Nxd2 Nf8 19. f4 Ne6 20. Ra4 b5 21. cxb6 axb6 22. Rxa8 Rxa8 23. Nf3 Ra2 24.
Bf1 ({12:-3.09} 24. Bf1 24... Be4 25. Re3 f5 26. Rc3 Bxf3 27. Rxf3 Nxd4 28. Rd3
Ne2+ 29. Kh1 Kg7 30. b4 30... Nc1 $19) ({12:-2.82} 24. Kf2 24... Rb2 25. Rd1
Be4 26. h4 Bxf3 27. Kxf3 Rxb3+ 28. Kf2 Rb4 29. Ke3 c5 30. dxc5 d4+ 31. Kd3
31... bxc5 $19) 24... Bg4 25. Re3 Rb2 26. f5 Bxf5 27. Ba6 Bh3 28. Bb7 Rg2+ 29.
Kf1 Rxh2+ 30. Ke1 Rc2 31. Kd1 Rf2 32. Ke1 Rf1+ 33. Ke2 Bg2 34. Nd2 Nxd4+ 35.
Kd3 Rd1 36. Kxd4 Rxd2+ 37. Kc3 Rf2 38. Kb4 d4 39. Re8+ Kg7 40. Rb8 c5+ 41. Ka4
Bf1 42. b4 Bc4 43. bxc5 bxc5 44. Ka5 Rb2 45. Bd5 Rxb8 46. Bxc4 Kg6 47. Ka6 Kg5
48. Ka5 0-1

[Event "ICS rated blitz match"]
[Site "207.99.83.227"]
[Date "1999.05.12"]
[Round "?"]
[White "blunite"]
[Black "Hossa"]
[Result "0-1"]
[WhiteElo "2228"]
[BlackElo "2441"]
[PlyCount "44"]

1. e4 e5 2. Nf3 Nf6 3. d4 exd4 4. e5 Ne4 5. Qxd4 d5 6. exd6 Nxd6 7. Nc3 Nc6 8.
Qf4 Bf5 9. Bb5 Qe7+ 10. Be3 Nxb5 11. Nxb5 Qb4+ 12. Qxb4 Bxb4+ 13. c3 Ba5 14.
O-O Bd3 15. Nbd4 Bxf1 16. Rxf1 Nxd4 17. Bxd4 f6 18. Re1+ Kf7 19. g4 Rae8 20.
Rd1 Re2 21. b4 Bb6 22. a4 22... Re4 {blunite resigns} 0-1

[Event "ICS rated blitz match"]
[Site "207.99.83.227"]
[Date "1999.05.12"]
[Round "?"]
[White "Hossa"]
[Black "blunite"]
[Result "1-0"]
[WhiteElo "2448"]
[BlackElo "2235"]
[PlyCount "81"]

1. e4 e5 2. f4 exf4 3. Nf3 d6 4. d4 g5 5. h3 Bg7 6. Be2 Nc6 7. O-O h6 8. c4
Nge7 9. Nc3 O-O 10. d5 Ne5 11. Nxe5 Bxe5 12. Bg4 f5 13. exf5 Nxf5 14. Bxf5 Bxf5
15. Qh5 Kg7 16. Qf3 a6 17. a3 Qf6 18. Bd2 Rae8 19. Rae1 Bd4+ 20. Kh1 Re5 21.
Bc1 Rfe8 22. Rd1 Ba7 23. Bd2 Qg6 24. h4 Bc2 25. Rde1 Be3 26. Bxe3 Rxe3 27. Rxe3
Rxe3 28. Qg4 Bf5 29. Qd1 Bd3 30. Rf2 Qe8 31. Qg4 Rg3 32. Qe6 Qxe6 33. dxe6 Bxc4
34. hxg5 hxg5 35. Ne4 Rg4 36. e7 Bf7 37. Rc2 Rh4+ 38. Kg1 Rg4 39. Rxc7 Be8 40.
Nxd6 Ba4 41. e8=Q+ {blunite resigns} 1-0

[Event "ICS rated blitz match"]
[Site "207.99.83.227"]
[Date "1999.05.12"]
[Round "?"]
[White "Hossa"]
[Black "supernerd"]
[Result "1-0"]
[WhiteElo "2455"]
[BlackElo "2243"]
[PlyCount "59"]

1. e4 e5 2. f4 exf4 3. Nf3 g5 4. Bc4 Bg7 5. h3 d6 6. h4 h6 7. hxg5 hxg5 8. Rxh8
Bxh8 9. Nh2 Nf6 10. Nc3 Nc6 11. d3 Bd7 12. Nf3 Ng4 13. Nd5 Ne7 14. Bb3 Nxd5 15.
Bxd5 c6 16. Bb3 Qe7 17. g3 fxg3 18. Bxg5 Bf6 19. Bc1 O-O-O 20. Qe2 Rh8 21. c3
Rh1+ 22. Kd2 Nh2 23. Qg2 Nxf3+ 24. Qxf3 Rh2+ 25. Kd1 g2 26. Be3 Bg5 27. Bg1 Rh4
28. Kc2 Rg4 29. Bxa7 f6 30. Rg1 {supernerd resigns} 1-0

[Event "ICS rated blitz match"]
[Site "207.99.83.227"]
[Date "1999.05.12"]
[Round "?"]
[White "inmortal"]
[Black "Hossa"]
[Result "0-1"]
[WhiteElo "2406"]
[BlackElo "2462"]
[PlyCount "40"]

1. e4 e5 2. Nf3 Nf6 3. Nc3 Bb4 4. d3 d5 5. exd5 Nxd5 6. Bd2 Nc6 7. g3 Bxc3 8.
bxc3 Qe7 9. Bg2 e4 10. dxe4 Qxe4+ 11. Qe2 Qxe2+ 12. Kxe2 Bg4 13. h3 Bxf3+ 14.
Bxf3 O-O-O 15. Rhd1 Ne5 16. Bg2 Nc4 17. Be1 Rhe8+ 18. Kf1 Nde3+ 19. fxe3 Nxe3+
20. Kg1 20... Nxd1 {inmortal resigns} 0-1

[Event "ICS rated blitz match"]
[Site "207.99.83.227"]
[Date "1999.05.12"]
[Round "?"]
[White "supernerd"]
[Black "Hossa"]
[Result "1/2-1/2"]
[WhiteElo "2233"]
[BlackElo "2487"]
[PlyCount "88"]

1. d4 Nf6 2. f4 e6 3. Nf3 Be7 4. e3 O-O 5. Bd3 Nc6 6. c3 d5 7. O-O Bd6 8. Qe1
b6 9. Nbd2 Qe7 10. Ne5 Bb7 11. Rf3 Ne4 12. Rh3 f5 13. Nxe4 fxe4 14. Be2 Rad8
15. Bd2 a5 16. Qg3 Rf5 17. Bg4 Rf6 18. Rh4 Rdf8 19. Qh3 g6 20. Rh6 Nd8 21. Be1
Qg7 22. Bg3 Nf7 23. Rh4 g5 24. Rh5 gxf4 25. exf4 Bc8 26. Rc1 Bxe5 27. dxe5 Rh6
28. Bh4 Qg6 29. Bf6 c5 30. Rd1 Re8 31. Qh4 Rf8 32. h3 a4 33. Kh2 a3 34. bxa3 e3
35. Rf1 Bd7 36. Rf3 e2 37. Re3 d4 38. cxd4 cxd4 39. Rxe2 d3 40. Rd2 Bc8 41. Kh1
Bd7 42. Kh2 Bc8 43. Bf3 Ba6 44. Bg4 44... Bc8 {Game drawn by repetition}
1/2-1/2

[Event "ICS rated blitz match"]
[Site "207.99.83.227"]
[Date "1999.05.12"]
[Round "?"]
[White "Hossa"]
[Black "supernerd"]
[Result "1/2-1/2"]
[WhiteElo "2477"]
[BlackElo "2243"]
[PlyCount "122"]

1. e4 e5 2. f4 exf4 3. Nf3 g5 4. Bc4 Bg7 5. h3 d6 6. h4 h6 7. hxg5 hxg5 8. Rxh8
Bxh8 9. Nh2 Nf6 10. Nc3 Nc6 11. d3 Qe7 12. Nd5 Nxd5 13. Bxd5 Bd7 14. Qh5 O-O-O
15. Qxf7 Qxf7 16. Bxf7 Rf8 17. Bd5 Nd4 18. Bb3 g4 19. c3 Nxb3 20. axb3 a6 21.
b4 Be5 22. d4 Bg7 23. Ke2 Bb5+ 24. Ke1 f3 25. Kf2 fxg2+ 26. Kxg2 Be2 27. Be3
Bf3+ 28. Kg3 Bxe4 29. Nxg4 Rf3+ 30. Kh4 Bf5 31. Bh6 Bxh6 32. Nxh6 Be6 33. Ra5
Rf2 34. d5 Bd7 35. Ng8 Rxb2 36. Ra3 Bb5 37. Ne7+ Kd7 38. Ng6 Bc4 39. Nf4 Rb3
40. Rxb3 Bxb3 41. Kg3 b6 42. Kf3 a5 43. bxa5 bxa5 44. Ke3 a4 45. Kd2 a3 46. Kc1
Kc8 47. Kb1 Kb7 48. Kc1 Kb6 49. Kb1 Kc5 50. Ne6+ Kb6 51. Nf4 Ka5 52. Ka1 Kb5
53. Kb1 Kc4 54. Ne6 Kxd5 55. Nxc7+ Kc4 56. Ne8 d5 57. Nc7 Kxc3 58. Nxd5+ Bxd5
59. Ka1 Kb3 60. Kb1 Be4+ 61. Ka1 61... a2 {Hossa stalemated} 1/2-1/2

[Event "ICS rated blitz match"]
[Site "207.99.83.227"]
[Date "1999.05.12"]
[Round "?"]
[White "supernerd"]
[Black "Hossa"]
[Result "1-0"]
[WhiteElo "2252"]
[BlackElo "2468"]
[Annotator "Crafty v16.6"]
[PlyCount "61"]

{annotating for player ossa using a scoring margin of +0.20 pawns. search time
limit is 1:00} 1. d4 1... Nf6 2. c3 d5 3. e3 Nbd7 4. f4 e6 5. Nd2 Bd6 6. Bd3 c5
7. Ngf3 O-O 8. O-O b6 9. Ne5 cxd4 10. exd4 Bb7 11. Qf3 Rc8 12. Re1 Qe7 13. Qh3
Rc7 14. g4 a6 ({10:-0.61} 14... a6 15. g5 Ne4 16. Nxe4 dxe4 17. Bxe4 Bxe4 18.
Rxe4 Rd8 19. Qh5 Bxe5 20. fxe5 20... Rc4 $14) ({10:-0.03} 14... g6 15. g5 Nh5
16. Nb3 a6 17. Be2 Ng7 18. Qf1 b5 19. Qf2 $10) 15. g5 Ne4 16. Nxe4 dxe4 17.
Bxe4 Bxe4 18. Rxe4 Rd8 ({9:-1.06} 18... Rd8 19. Ng4 Qf8 20. Qf3 Re8 21. f5 e5
22. f6 22... g6 $16) ({9:-0.74} 18... Rfc8 19. Qh5 Qe8 20. Bd2 f5 21. Qxe8+
Rxe8 22. Re2 Nxe5 23. dxe5 Bc5+ 24. Kg2 24... Kf7 $16) 19. Re1 Rcc8 ({9:-1.04} 
19... Rcc8 20. Ng4 Qf8 21. Qf3 Qe7 22. f5 e5 23. f6 gxf6 24. gxf6 $16) ({
9:-0.67} 19... Bxe5 20. fxe5 Nf8 21. Qd3 a5 22. Re4 Ng6 23. Qb5 Rb7 24. Qd3 $14
) 20. Be3 Rc7 ({10:-0.96} 20... Rc7 21. Nd3 Rcc8 22. d5 Bc5 23. dxe6 fxe6 24.
Bf2 Bxf2+ 25. Nxf2 Nf8 26. Rad1 26... Qc5 $16) ({10:-0.65} 20... b5 21. Nd3 b4
22. cxb4 Bxb4 23. Rec1 Rb8 24. Qh5 Bd6 25. Rc6 25... Nb6 $14) 21. Rad1 b5 22.
a3 Nb6 23. Bc1 Nd5 ({9:-1.13} 23... Nd5 24. f5 Bxe5 25. Rxe5 Rc6 26. fxe6 Rxe6
27. Rde1 Rdd6 28. Qf5 a5 29. Rxe6 Rxe6 30. Rxe6 30... fxe6 $16) ({9:-0.78} 
23... Bxe5 24. fxe5 Nd7 25. Re4 Nf8 26. Qh5 Ng6 27. h3 a5 28. Bf4 Nxf4 29. Rxf4
$16) 24. Qg4 Rf8 ({10:-1.18} 24... Rf8 25. f5 Qe8 26. Nd3 exf5 27. Qxf5 Ne7 28.
Qf3 Qd7 29. Ne5 29... Qe6 $16) ({10:-0.92} 24... g6 25. h4 Qe8 26. Qf3 Bxe5 27.
Rxe5 Nb6 28. h5 Nc4 29. Rc5 Rxc5 30. dxc5 $16) 25. Rd3 Rcc8 ({9:-1.43} 25...
Rcc8 26. Qh4 f6 27. g6 h6 28. Nf7 Rce8 29. Be3 h5 30. b3 $16) ({9:-1.04} 25...
f6 26. Nf3 f5 27. Qg3 Rd8 28. Ne5 Bxe5 29. Rxe5 Qd6 30. Qf3 $16) 26. Rh3 f6 ({
9:-3.04} 26... f6 27. Rxh7 Nxf4 28. Bxf4 Kxh7 29. Ng6 Qc7 30. Nxf8+ Rxf8 31.
Bxd6 Qxd6 32. Rxe6 $18) ({9:-1.63} 26... Bxe5 $18) 27. Rxh7 Kxh7 ({8:-Mat04} 
27... Kxh7 28. Qh3+ Kg8 29. g6 Rf7 30. Qh7+ Kf8 31. Qh8# $18) ({8:-4.95} 27...
Nxf4 28. g6 f5 29. Qxf4 Qf6 30. Qg5 Qxg5+ 31. Bxg5 f4 32. Nf3 32... Rfe8 $18)
28. g6+ Kg8 29. Qh5 Rf7 30. Qh7+ Kf8 31. Qh8# 1-0

[Event "ICS rated blitz match"]
[Site "207.99.83.227"]
[Date "1999.05.12"]
[Round "?"]
[White "Hossa"]
[Black "CSTalII"]
[Result "0-1"]
[WhiteElo "2443"]
[BlackElo "2607"]
[Annotator "Crafty v16.6"]
[PlyCount "91"]

{annotating for player ossa using a scoring margin of +0.20 pawns. search time
limit is 1:00} 1. e4 1... c5 2. Nc3 Nc6 3. Nf3 e6 4. Bb5 Nge7 5. d4 cxd4 6.
Nxd4 Nxd4 7. Qxd4 a6 8. Qa4 ({10:-0.13} 8. Qa4 8... Ng6 9. Be2 Bd6 10. O-O O-O
11. Qd4 Be5 12. Qe3 12... Qh4 $10) ({10:+0.19} 8. Ba4 8... b5 9. Bb3 Nc6 10.
Qd3 b4 11. Ne2 Ne5 12. Qd4 12... f6 $10) 8... Nc6 9. O-O ({10:-0.19} 9. O-O
9... Bd6 10. Rd1 Qc7 11. g3 O-O 12. Bg5 Be5 13. Bxc6 Qxc6 14. Qxc6 14... dxc6
$10) ({10:+0.08} 9. Bxc6 9... dxc6 10. Be3 Be7 11. Rd1 Qc7 12. O-O O-O 13. Qd4
Rd8 14. Qc4 $10) 9... Rb8 10. Bxc6 bxc6 11. Qd4 Qc7 12. Re1 Rb4 13. Qe3 Qe5 14.
a3 Bc5 15. Qf3 Rb7 16. Bf4 Qf6 17. e5 Qf5 18. Ne4 Be7 19. b4 g5 20. Bxg5 ({
11:-1.54} 20. Bxg5 20... Qxf3 21. gxf3 Rg8 22. Kh1 Rxg5 23. Nxg5 Bxg5 24. Rg1
h6 25. Kg2 25... Ke7 $19) ({11:+0.17} 20. Be3 20... Qxf3 21. gxf3 h6 22. Bc5
Bxc5 23. Nxc5 Rb6 24. Kg2 Rf8 25. Na4 Rb5 26. Nc5 $10) 20... Qxf3 21. gxf3 Bxg5
22. Nd6+ ({12:-1.74} 22. Nd6+ 22... Ke7 23. Nxb7 Bxb7 24. Re4 c5 25. Rc4 Rg8
26. Kf1 Bxf3 27. Rc3 Be4 28. Rxc5 $19) ({12:-1.44} 22. Nxg5 22... Rg8 23. h4 h6
24. f4 hxg5 25. fxg5 Ke7 26. Re4 Rh8 27. Kg2 27... Rh5 $17) 22... Ke7 23. Nxb7
Bxb7 24. Re4 c5 25. Rc4 Bxf3 26. Kf1 Rc8 27. bxc5 f5 28. Rb1 Bd5 29. Rd4 ({
12:-3.65} 29. Rd4 29... Rxc5 30. f4 Bh4 31. Rb2 Rc3 32. Ra4 Re3 33. Rb1 Bc6 34.
Rxa6 Rf3+ 35. Ke2 35... Rxf4 $19) ({12:-3.14} 29. Rc3 29... h6 30. Rb6 Bf4 31.
Ke1 a5 32. Rb5 Bxh2 33. Rh3 Bxe5 34. Rxh6 34... a4 $19) 29... Rxc5 30. h4 Bh6
31. Rb6 Bg7 32. f4 Rxc2 33. Ke1 Rh2 34. Rxa6 Rxh4 35. Raa4 h5 36. Kd2 Rh2+ 37.
Kc3 Rf2 38. Rd2 Rf1 39. Kb2 Bh6 40. Rdd4 h4 41. Kc2 h3 42. Rd2 Bxf4 43. Rxf4
Rxf4 44. Rh2 Bg2 45. Kd3 Re4 46. Kc3 0-1

[Event "ICS rated blitz match"]
[Site "207.99.83.227"]
[Date "1999.05.12"]
[Round "?"]
[White "UBet"]
[Black "Hossa"]
[Result "0-1"]
[WhiteElo "2242"]
[BlackElo "2442"]
[PlyCount "54"]

1. e4 e5 2. Nf3 Nf6 3. Nxe5 Qe7 4. d4 d6 5. Nf3 Qxe4+ 6. Qe2 Bf5 7. c3 Be7 8.
Nbd2 Qe6 9. Qxe6 fxe6 10. Bb5+ Nbd7 11. O-O O-O 12. Re1 c6 13. Bf1 Rae8 14. h3
Nd5 15. Nc4 b5 16. Ncd2 N7b6 17. Nh2 Rf7 18. g4 Bg6 19. Rxe6 Ref8 20. f3 Nf4
21. Re3 Nbd5 22. Re1 Bh4 23. Re2 Nxe2+ 24. Bxe2 Re7 25. Bf1 Ne3 26. a4 Nc2 27.
Ra2 27... Re1 {UBet resigns} 0-1

[Event "ICS rated blitz match"]
[Site "207.99.83.227"]
[Date "1999.05.12"]
[Round "?"]
[White "Hossa"]
[Black "UBet"]
[Result "1-0"]
[WhiteElo "2450"]
[BlackElo "2234"]
[PlyCount "53"]

1. e4 e5 2. f4 Nc6 3. Ne2 exf4 4. Nxf4 Nf6 5. Nc3 Bc5 6. Bc4 a6 7. d3 d6 8. Nh5
Ng4 9. Nxg7+ Kf8 10. Nh5 Qh4+ 11. Ng3 Bf2+ 12. Kd2 Bxg3 13. hxg3 Qxg3 14. Qf3
Qxf3 15. gxf3 Nge5 16. Nd5 Nxf3+ 17. Kc3 b5 18. Bh6+ Ke8 19. Nxc7+ Kd8 20. Nxa8
bxc4 21. Bg7 Rg8 22. Bf6+ Kd7 23. Raf1 Nfe5 24. Rxh7 Bb7 25. Nb6+ Ke6 26. Bh4
Rg6 27. d4 {UBet resigns} 1-0